War (Record no. 2849)

MARC details
000 -LEADER
fixed length control field 00724nam a2200265 a 4500
020 ## - INTERNATIONAL STANDARD BOOK NUMBER
ISBN
082 00 - DEWEY DECIMAL CLASSIFICATION NUMBER
Classification number 323.39710954
Author Cutter KHA
100 ## - MAIN ENTRY--AUTHOR NAME
Author name Khan, Liaquat Ali
245 ## - TITLE STATEMENT
Title War
Sub title Problem of India`s Future Constitution, What Muslim India and Its
260 ## - PUBLICATION, DISTRIBUTION, ETC. (IMPRINT)
Place of publication Delhi
Name of publisher All India Assot. for Christian Higher Ed
Year of publication 1939
300 ## - PHYSICAL DESCRIPTION
Number of Pages 81p
500 ## - GENERAL NOTE
General note includes index and biblioraphy
505 2# - FORMATTED CONTENTS NOTE
Formatted contents note Index
650 ## - SUBJECT ADDED ENTRY--TOPICAL TERM
Topical Term Muslims-India-Politics
650 ## - SUBJECT ADDED ENTRY--TOPICAL TERM
Topical Term Muslim League
650 ## - SUBJECT ADDED ENTRY--TOPICAL TERM
Topical Term India-History Mideaval
942 ## - ADDED ENTRY ELEMENTS (KOHA)
Koha item type Books
700 1# -
-- Khan, Liaquat Ali
Holdings
Home library Current library Date acquired Cost, normal purchase price Full call number Accession Number Koha item type
Henry Martyn Institute Library Henry Martyn Institute Library 04/09/2007 100.00 323.39710954 KHA 03182 E-Books
                   Copyright © 2026 | Henry Martyn Institute | Hyderabad | TS-500052 | INDIA | Implemented by hmi.edu.in
Hit-Count:

Powered by Koha